Statistiques concernant Culture Générale - Série 1183

Cliquez ici pour prendre le quiz!

Statistiques générales

  • Ce quiz a été pris 38 fois
  • Le résultat moyen est 7 sur 10

Statistiques - réponses

QuestionRéponse% Correct
Quel est le mâle de la poule ?coq
100%
Quelle est la capitale de Malte ?La Valette
95%
Quel pays a pour chef du gouvernement Gheorghios Papandhréou ?Grèce
92%
A quel pays d'Amérique du Nord appartient l'île Devon ?Canada
84%
Comment appelle-t-on les habitants de l'île de Bali ?Balinais
73%
Lors de la coupe du monde 1998, quel hymne de Gloria Gaynor a été repris par les footballeurs français ?I Will Survive
65%
Quel était le prénom du paysagiste Le Nôtre ?André
59%
En géométrie, quel mot, issu du verbe latin signifiant "couper", désigne toute droite qui en coupe une autre ?sécante
54%
Quel est l'os le plus petit du corps humain ?étrier
46%
Quel muscle large, triangulaire et aplati va de la colonne vertébrale à l'épaule ?trapèze
41%

Distribution des résultats

Percentile par nombre de réponses

% des personnes avec chaque résultat

Votre développement - résultats

Vous n’avez pas pris ce quiz